000 00361nam a2200157Ia 4500
008 230524s9999 xx 000 0 und d
082 _a4
_bJOH
100 _aDeborah G.Johnson
245 0 _aComputer Ethics
250 _a3RD
260 _aNEW DELHI
_bPearson
_c2004
300 _aV;3235
500 _aQuantity Number: 2
650 _aComp-Sc
942 _cBK
999 _c36502
_d36502